<?xml version="1.0" encoding="UTF-8"?><?xml-stylesheet type="text/xsl" href="static/style.xsl"?><OAI-PMH xmlns="http://www.openarchives.org/OAI/2.0/" xmlns:xsi="http://www.w3.org/2001/XMLSchema-instance" xsi:schemaLocation="http://www.openarchives.org/OAI/2.0/ http://www.openarchives.org/OAI/2.0/OAI-PMH.xsd"><responseDate>2026-04-17T06:33:05Z</responseDate><request verb="GetRecord" identifier="oai:www.recercat.cat:2117/444978" metadataPrefix="marc">https://recercat.cat/oai/request</request><GetRecord><record><header><identifier>oai:recercat.cat:2117/444978</identifier><datestamp>2026-02-04T08:04:56Z</datestamp><setSpec>com_2072_1033</setSpec><setSpec>col_2072_452950</setSpec></header><metadata><record xmlns="http://www.loc.gov/MARC21/slim" xmlns:dcterms="http://purl.org/dc/terms/" xmlns:xsi="http://www.w3.org/2001/XMLSchema-instance" xmlns:doc="http://www.lyncode.com/xoai" xsi:schemaLocation="http://www.loc.gov/MARC21/slim http://www.loc.gov/standards/marcxml/schema/MARC21slim.xsd">
   <leader>00925njm 22002777a 4500</leader>
   <datafield ind2=" " ind1=" " tag="042">
      <subfield code="a">dc</subfield>
   </datafield>
   <datafield ind2=" " ind1=" " tag="720">
      <subfield code="a">Molina Ordóñez, Carlos</subfield>
      <subfield code="e">author</subfield>
   </datafield>
   <datafield ind2=" " ind1=" " tag="720">
      <subfield code="a">Camps Carmona, Adriano José</subfield>
      <subfield code="e">author</subfield>
   </datafield>
   <datafield ind2=" " ind1=" " tag="260">
      <subfield code="c">2025</subfield>
   </datafield>
   <datafield ind2=" " ind1=" " tag="520">
      <subfield code="a">Ionospheric scintillation is a well-known effect that occurs when electromagnetic waves pass through the ionosphere, leading to rapid fluctuations in the phase and intensity of the received signal. In 1979 Charles Rino introduced a theory to compute the expected ionospheric scintillation. However, Rino’s model requires knowing some input variables related to the physical properties of the ionosphere’s plasma density irregularities. WBMOD model was especially developed to provide these parameters from climatological data as a function of several environmental conditions; however, the use of this model requires a license. In this study, using large datasets from past studies, a neural network has been trained to estimate the main output parameters from WBMOD: the probability density function of CkL and the value of the p-slope (slope of power spectra of phase scintillation). This allows retrieving Rino’s input variable to compute the scintillation indices S4 and sf. The resulting software, called IonoSciNN, has been published as an open web&#xd;
application.</subfield>
   </datafield>
   <datafield ind2=" " ind1=" " tag="520">
      <subfield code="a">This work was supported in part by project GENESIS: GNSS Environmental and Societal Missions–Subproject UPC under Grant PID2021-126436OB-C21 sponsored by MCIN/AEI/10.13039/501100011033/ and in part by the IEEC
INTREPID project, in which this study is contextualized.</subfield>
   </datafield>
   <datafield ind2=" " ind1=" " tag="520">
      <subfield code="a">Peer Reviewed</subfield>
   </datafield>
   <datafield ind2=" " ind1=" " tag="520">
      <subfield code="a">Postprint (published version)</subfield>
   </datafield>
   <datafield tag="653" ind2=" " ind1=" ">
      <subfield code="a">Àrees temàtiques de la UPC::Enginyeria de la telecomunicació::Radiocomunicació i exploració electromagnètica</subfield>
   </datafield>
   <datafield tag="653" ind2=" " ind1=" ">
      <subfield code="a">Ionospheric scintillation</subfield>
   </datafield>
   <datafield tag="653" ind2=" " ind1=" ">
      <subfield code="a">Rino’s model</subfield>
   </datafield>
   <datafield tag="653" ind2=" " ind1=" ">
      <subfield code="a">Electromagnetic propagation</subfield>
   </datafield>
   <datafield ind2="0" ind1="0" tag="245">
      <subfield code="a">An improved neural-network to estimate the inputs of Rino's ionospheric scintillation model</subfield>
   </datafield>
</record></metadata></record></GetRecord></OAI-PMH>